Structural order in polymers : lectures presented at the International Symposium on Macromolecules Florence, Italy, 7-12 September 1980 /

Guardado en:
Autores Corporativos: International Symposium on Macromolecules Florence, Italy), International Union of Pure and Applied Chemistry. Macromolecular Division.
Otros Autores: Ciardelli, F. (Editor , ed.), Giusti, Paolo., (Editor , ed.)
Formato: Libro
Idioma:English
Publicado: Oxford : Pergamon Press, 1981.
Edición:1st ed.
Series:IUPAC symposium series
Materias:
Etiquetas: Agregar Etiqueta
Sin Etiquetas, Sea el primero en etiquetar este registro!
LEADER 01405cam a22003255a 4500
001 EIQ.libpla000950
008 820421s1981####enkao####b####100#0#eng#d
005 20060627192928.0
245 1 0 |a Structural order in polymers :  |b lectures presented at the International Symposium on Macromolecules Florence, Italy, 7-12 September 1980 /  |c edited by Francesco Ciardelli and Paolo Giusti. 
250 |a 1st ed. 
260 |a Oxford :  |b Pergamon Press,  |c 1981. 
300 |a x, 247 p. :  |b il., fotos ;  |c 28 cm. 
440 0 |a IUPAC symposium series 
500 |a Esponsoreado por la International Union of Pure and Applied Chemistry, Macromolecular Division, y otros. 
504 |a Incluye referencias bibliográficas. 
020 |a 0080252966 
111 2 |a International Symposium on Macromolecules  |n (26th :  |d 1980 :  |c Florence, Italy) 
700 1 |a Ciardelli, F.  |q (Francesco),  |e ed.  |4 edt 
700 1 |a Giusti, Paolo.,  |e ed.  |4 edt 
710 2 |a International Union of Pure and Applied Chemistry.  |b Macromolecular Division. 
082 0 0 |a 547.8/427  |2 19 
650 4 |a Polímeros  |x Congresos. 
650 4 |a Productos sintéticos  |x Congresos. 
650 4 |a Macromoléculas  |x Congresos. 
650 0 |a Polymers  |x Congresses. 
650 0 |a Synthetic products  |x Congresses. 
650 0 |a Macromolecules  |x Congresses. 
010 |a  81081052  
040 |a DLC  |c DLC  |d AR-BbSID 
859 |a AR-BbSID  |b BIB. PLAPIQUI  |h 547.842 7  |i In 8  |p 276